000 00240nam a22000857a 4500
008 170112b xxu||||| |||| 00| 0 eng d
100 _92348
_aMalik.S
245 _aGreen Tree: Environmental Studies-2
260 _aNew Delhi
_bOrient Publication
_c2007
999 _c5294
_d5294